What's It Stand For? II Quiz Stats

 Plays Quiz Updated Oct 8, 2018

Challenge
Share
Tweet
Embed
Score 0/64 Timer 08:00
2 Plays Today
% Correct
Tele-
94.7%
vision
94.6%
High-
94.1%
Definition
93.1%
University
91.6%
Los
89%
Angeles
88.2%
(of) California
87.1%
Do
81.3%
Organization
79.8%
What
79.6%
Would
79.5%
Jesus
78.9%
Inter-
75.8%
Against
75.2%
Mothers
75%
Drunk
74.9%
Driving
74%
North
73.8%
Treaty
70.3%
No
69.8%
(of) America
67.5%
Association
67.2%
Atlantic
66.9%
American
63.5%
Post-
63%
Disorder
62.6%
Syndrome
62.4%
Stress
62.2%
Traumatic
61.4%
Picture
59.2%
Infant
58.1%
% Correct
Death
57.9%
Sudden
57.8%
Training
56.2%
International
55.6%
Union
55%
Number
54%
Special
53.5%
Motion
51.4%
Weapons
51.1%
and
49.2%
Civil
48%
continental
47.9%
Liberties
47.6%
Tactics
45.7%
Safety
45%
Officers'
44.6%
Corps
44.3%
Book
42.2%
(and) Health
41.8%
Ballistic
40.6%
Missile
39.6%
Occupational
35.1%
Administration
33.8%
Reserve
33.2%
Kids
27.3%
Double
23.4%
Income
23.3%
Standard
22.2%
Joint
12.7%
Group
10.8%
Photographic
9.5%
Experts
7.1%

You're not logged in!

Compare scores with friends on all Sporcle quizzes.
OR
Log In

You Might Also Like...

Show Comments

Extras

Top Quizzes Today


Score Distribution

Your Account Isn't Verified!

In order to create a playlist on Sporcle, you need to verify the email address you used during registration. Go to your Sporcle Settings to finish the process.

Report this User

Report this user for behavior that violates our Community Guidelines.

Details: